Game - Winning Buzzer Beater in the NBA Playoffs - Statistics

General Stats
  • This quiz has been taken 34 times
    18 since last reset
  • The average score is 8 of 45
Answer Stats
Game - Winning Buzzer Beater Answer % Correct
5 LeBron James
94%
2 Damian Lillard
69%
3 Michael Jordan
69%
Kobe Bryant
63%
Kawhi Leonard
56%
Dennis Johnson
38%
Eddie Johnson
38%
Jerry West
38%
Jerry West
38%
Joe Johnson
38%
Anthony Davis
25%
Derrick White
25%
Glen Davis
25%
Jo Jo White
25%
Jo Jo White
25%
1 Aaron Gordon
19%
Elgin Baylor
19%
Jamal Murray
19%
Jayson Tatum
19%
Paul Pierce
19%
Robert Horry
19%
Derek Fisher
13%
Metta World Peace
13%
Vince Carter
13%
Gilbert Arenas
6%
John Stockton
6%
Luka Dončić
6%
Cliff Hagan
0%
Derrick McKey
0%
Derrick Rose
0%
Dudley Bradley
0%
Elvin Hayes
0%
Gus Williams
0%
Jerryd Bayless
0%
Jim Cleamons
0%
Jim McMillan
0%
Kevin Martin
0%
Larry Wright
0%
OG Anunoby
0%
Ralph Sampson
0%
Rik Smits
0%
Sidney Moncrief
0%
Stephon Marbury
0%
Tom Heinsohn
0%
Toni Kukoč
0%
No matching quizzes found
Score Distribution
Percent of People with Each Score
Percentile by Number Answered
Your Score History
You have not taken this quiz since the last reset